• 首页
  • 本馆介绍
  • 公告通知
  • 最新文献
  • 馆藏检索
  • 电子资源
  • 读者导购
  • 参考咨询
  • 我的图书馆
  • 登录
  • 详细信息显示
  • 放入我的书架
  • 预约/预借图书
  • 作者相关作品
  • 分类相关作品
  • 丛书相关作品
  • 出版社相关作品

书目信息

  • 表格格式
  • 工作单格式
  • 卡片格式
题名:
彩绘全注全译全解鬼谷子
    
 
作者: 鬼谷子 著 ;任思源 主编
分册:  
出版信息: 北京   北京联合出版公司  2014
页数: 10, 396页
开本: 25cm
丛书名:
单 册:
中图分类: B228.02
科图分类:
主题词: 纵横家
电子资源:
ISBN: 978-7-5502-3714-8
000 00886nam0 2200265 450
001 338167
005 20150601162132.06
010    @a978-7-5502-3714-8@b精装@dCNY75.00
100    @a20141217d2014 em y0chiy50 ea
101 0  @achi
102    @aCN@b110000
105    @aa z 000yy
106    @ar
200 1  @a彩绘全注全译全解鬼谷子@Acai hui quan zhu quan yi quan jie gui gu zi@f(战国) 鬼谷子著@g任思源主编
210    @a北京@c北京联合出版公司@d2014
215    @a10, 396页@d25cm
300    @a国学典藏馆 超值全彩珍藏版
330    @a本书在对《鬼谷子》进行了注释翻译和解读, 以政治、军事斗争案例及商用、为人处世案例为例证, 剖析了《鬼谷子》的智慧谋略。
605    @a《鬼谷子》@j通俗读物
606 0  @a纵横家
690    @aB228.02@v5
701  0 @c(战国)@a鬼谷子@Agui gu zi@4著
702  0 @a任思源@Aren si yuan@4主编
801  0 @aCN@b卓展宏图@c20150525
905    @dB228.02@e479@f3
    
    彩绘全注全译全解鬼谷子/(战国) 鬼谷子著/任思源主编.-北京:北京联合出版公司,2014
    10, 396页;25cm
    国学典藏馆 超值全彩珍藏版
    
    ISBN 978-7-5502-3714-8(精装):CNY75.00
    本书在对《鬼谷子》进行了注释翻译和解读, 以政治、军事斗争案例及商用、为人处世案例为例证, 剖析了《鬼谷子》的智慧谋略。
●
相关链接 在E读中查询图书 在五车中查询图书 在当当中查询图书 在豆瓣中查询图书


正题名:彩绘全注全译全解鬼谷子     索取号:B228.02/479         预约/预借

序号 登录号 条形码 馆藏地/架位号 状态 备注
1 857615   208576156   第一样本阅览室/ [索取号:B228.02/479] 在馆    
2 857616   208576165   第一借阅区/ [索取号:B228.02/479] 在馆    
3 857617   208576174   第一借阅区/ [索取号:B228.02/479] 在馆    
唐山师范学院图书馆 欢迎您!
大连网信软件有限公司© 版权所有